000 00517nam a2200193Ia 4500
001 21916
003 GE_BSU
008 181216s||||||||xx |||||||||||||| ||und||
040 _cGE_BSU
080 _aპერიოდიკა
245 _aParis Match, du 16 au 22 novembre №3574. 2017
260 _aParis
260 _c2017
300 _a150 p. 30cm. ill.
653 _aParis Match, du 16 au 22 novembre №3574. 2017
653 _aПериодика
653 _aპერიოდიკა
942 _cCR
999 _c54847
_d54847